Представление документа в формате RUSMARC

ПолеНазваниеЗначение
  Тип записи a
  Библиографический уровень m
001 Контрольный номер LIBNET\0000176604
005 Дата корректировки 20180512104019.6
010 Индекс ISBN __
a ISBN 978-5-91670-086-2
d Цена 281-38
100 Данные общей обработки __
a Данные общей обработки 19111103d2011 |||y0rusy0189 ca
101 Язык документа __
a Язык текста rus
102 Страна публикации __
a Страна публикации RU
102 Страна публикации __
a Страна публикации RU
105 Кодированные данные (монография) __
a Кодированные данные (монография) y###z#####1zy
200 Заглавие и сведения об ответственности __
a Заглавие Теория документирования
e Сведения, относящиеся к заглавию учебно-метод. пособие
f Первые сведения об ответственности Н. Б. Зиновьева
210 Выходные данные __
a Место издания Москва
c Издательство [Литера]
d Дата издания 2011
215 Физическое описание __
a Объем 174 с.
225 Серия (Журнальная рубрика) __
a Серия (Журнальная рубрика) Серия "Современная библиотека"
318 Примечание о действии __
a Действие п
320 Библиография __
a Библиография Библиогр.: с. 173-174
330 Аннотация __
a Аннотация Концепция основана на деятельностном подходе к процессу документирования. Разработана оригинальная классификация способов документирования, видов документов, систем документаций. Концепция не содержит всех дидактических единиц государственного образовательного стандарта по специальности, то данная работа может быть рекомендована студентам для дополнительного изучения проблем по курсу "Документоведение" , для магистрантов, преподавателей.
606 Тематические рубрики __
a Основная рубрика Делопроизводство
606 Тематические рубрики __
a Основная рубрика Библиотечное дело
606 Тематические рубрики __
a Основная рубрика Теория библиотечного дела
610 Ключевые слова __
a Ключевые слова библиотеки
a Ключевые слова документирование
a Ключевые слова документооборот
a Ключевые слова учёт официальных документов
686 Индексы других классификаций __
2 Код системы rubbk
a Индекс ББК 60.844
686 Индексы других классификаций __
a Индекс ББК 78.30
700 Автор _1
a Фамилия Зиновьева
b Имя Н. Б.
801 Источник записи _0
a Страна RU
b Организация НДБР Коми
c Дата составления 20111103
801 Источник записи _1
a Страна RU
b Организация НДБР Коми
c Дата составления 20111103
801 Источник записи _2
a Страна RU
b Организация Центральная районная библиотека им. Г. А. Пирожникова
c Дата составления 20111103
852 Данные о местонахождении __
j Шифр хранения 60.844
i Авторский знак З-63
b Сигла хранения МО-2
901 Тип документа __
t Тип документа m
902 Роль лиц __
a Создатель БЗ ОКиО/Кашаева
905 Дата создания БЗ __
a Дата создания БЗ 2011.12.14
990 Данные о заказе (DOS) __
j Количество экземпляров (DOS) 2
h N записи в КСУ для Б/У (DOS) 2012-1